Normal view
MARC view
Entry Personal Name
001 - CONTROL NUMBER
- control field: 70856
003 - CONTROL NUMBER IDENTIFIER
- control field: dpl
005 - DATE AND TIME OF LATEST TRANSACTION
- control field: 20240903104545.0
008 - FIXED-LENGTH DATA ELEMENTS
- fixed length control field: 240903|| aca||aabn | a|a d
040 ## - CATALOGING SOURCE
- Original cataloging agency: dpl
- Transcribing agency: dpl
100 ## - HEADING--PERSONAL NAME
- Personal name: Harris, Mason
670 ## - SOURCE DATA FOUND
- Source citation: Work cat.: (dpl)205469: Woland,Aron 70854, Integrated Security Technologies and Solutions - Volume 1, 2022
